¿Para qué sirve la escuela : algunos aspectos descuidados de la educación.

Guardat en:
Dades bibliogràfiques
Autor principal: Attié, Thalia (autor)
Format: Llibre
Idioma:espanyol
Matèries:
Etiquetes: Afegir etiqueta
Sense etiquetes, Sigues el primer a etiquetar aquest registre!

MARC

LEADER 00000nam^a2200000^u^4500
001 000498466
005 20250521000000.0
008 070725s1000^^^^^^^^^^^^r^^^^^000^0^spa^d
009 20260310125658.338
022 |a 9707911050 
035 |a FCE 000042355 
037 |a Acervo ITESO - Biblioteca 
041 |a spa 
082 0 4 |a 371.308  |b ATTp 
100 |a Attié, Thalia  |e (autor) 
245 1 1 |a ¿Para qué sirve la escuela :  |b algunos aspectos descuidados de la educación. 
264 |a México :  |b Ediko,  |c 2007. 
300 |a 127 p. 
336 |a texto  |b txt  |2 rdacontenido 
337 |a sin mediación  |b n  |2 rdamedio 
338 |a volumen  |b nc  |2 rdasoporte 
649 |a XX 
650 |a Docentes 
650 |a Fracaso escolar 
650 |a Comunicación 
650 |a Problemas educativos 
650 |a Papel de la escuela 
650 |a Relación maestro-alumno 
910 |a Fondo Centro de Estudios Educativos 
920 |a Impresos - Libros 
930 |a Fondos Especiales 
905 |a 133 
901 |a ALE049506  |b IT2  |c CEE  |u 20250521 
902 |a https://opac.biblio.iteso.mx/vufind/Record/000498466